Estado plurinacional-pueblo, una construcción inédita en Bolivia /

Se aborda la construcción del proyecto plurinacional en Bolivia a partir de la intersección de los horizontes nacional-popular e indígena. En esta búsqueda se analiza la categoría de pueblo, propuesta en la nueva Constitución Política, como una posibilidad de articular a los sectores mestizos y a la...

Ամբողջական նկարագրություն

Պահպանված է:
Մատենագիտական մանրամասներ
Հիմնական հեղինակ: Soruco Sologuren, Ximena
Ձևաչափ: Տեքստ
Խորագրեր:
Ցուցիչներ: Ավելացրեք ցուցիչ
Չկան պիտակներ, Եղեք առաջինը, ով նշում է այս գրառումը!

MARC

LEADER 00000 a a2200000 04500
001 42322
003
040
100 |a Soruco Sologuren, Ximena  
245 |a Estado plurinacional-pueblo, una construcción inédita en Bolivia /  |c Ximena Soruco Sologuren  
520 |a Se aborda la construcción del proyecto plurinacional en Bolivia a partir de la intersección de los horizontes nacional-popular e indígena. En esta búsqueda se analiza la categoría de pueblo, propuesta en la nueva Constitución Política, como una posibilidad de articular a los sectores mestizos y a las naciones y comunidades indígenas en una nueva relación entre sí y hacia el Estado, que haga viable la constitución de un nuevo orden. Se concluye que en Bolivia se abre la posibilidad de que el Estado articule un plurigobierno del pueblo, de los individuos y de las comunidades indígenas, originarias, campesinas, interculturales y afrobolivianas. De la relación Estado-nación surgiría una nueva relación Estado plurinacional-pueblo.  
590 |a DISEMINAR102011/EFU/NOVIEMBRE2011  
650 |a IDENTIDAD NACIONAL  
650 |a PLURALISMO CULTULAL  
650 |a ESTADO  
650 |a POPULISMO  
650 |a TEORIA  
650 |a BOLIVIA  
650 |a POBLACION INDIGENA  
773 |g volumen10, número26 (2009), páginas 19-33  
999 |c 22422  |d 22422